| 000 | 00839nam a2200253Ia 4500 | ||
|---|---|---|---|
| 003 | GCL | ||
| 005 | 20240530101830.0 | ||
| 008 | 140319s9999 xx 000 0 ara d | ||
| 040 |
_aGCL / _cGCL |
||
| 082 | 0 | 4 |
_a327.62/ _bك ش |
| 100 | 1 | _aكوانت، وليام ب . | |
| 245 | 1 | 2 |
_aالشرق الاوسط : _bكامب ديفيد بعد 10 سنوات / _cوليام ب كوانت |
| 260 |
_a[S.N] : _bمركز الاهرام للترجمة والنشر ، _c1989 |
||
| 300 | _a718 ص | ||
| 650 | 0 | 4 | _aمصر |
| 650 | 0 | 4 | _aالنزاع العربى الاسرائيلى |
| 650 | 0 | 4 | _aالسياسة الدولية |
| 650 | 0 | 4 | _aاسرائيل |
| 650 | 0 | 4 | _aالعلاقات الخارجية |
| 650 | 0 | 4 | _aاتفاقيات كامب ديفيد |
| 650 | 0 | 4 | _aالدبلوماسية |
| 650 | 0 | 4 | _aالسلام |
| 942 |
_2ddc _cBK |
||
| 999 |
_c28031 _d28031 |
||